000 00522nam a2200193 a 4500
001 1766559793533
003 YourLibrary
005 20251224123434.0
008 251224s2001##################000#0#eng##
020 _a9781853029950
082 0 4 _a616.8982
_bVER
100 1 _aVermeulen, Peter,
_eauthor.
245 1 0 _aAutistic Thinking--this is the Title :
260 _bJessica Kingsley Publishers,
_c2001.
300 _a164 pages
650 0 _aEducation.
942 _cENGLISH
040 _aYourLibrary
_beng
_cYourLibrary
999 _c604380
_d604380